Warriors in undress, (Record no. 552073)

000 -LEADER
fixed length control field 00944cam a22001691 4500
082 ## - DEWEY DECIMAL CLASSIFICATION NUMBER
Classification number 355.009242
Author Mark HUB
100 1# - MAIN ENTRY--PERSONAL NAME
Personal name Hudleston, Francis Josiah,
9 (RLIN) 49280
245 10 - TITLE STATEMENT
Title Warriors in undress,
Statement of responsibility, etc. by F. J. Hudleston.
260 ## - PUBLICATION, DISTRIBUTION, ETC.
Place of publication, distribution, etc. London,
Name of publisher, distributor, etc. J. Castle
Date of publication, distribution, etc. [1925]
300 ## - PHYSICAL DESCRIPTION
Extent 248 p.
Dimensions 23 cm.
505 0# - FORMATTED CONTENTS NOTE
Formatted contents note Preface.--"King Arthur" (The Duke of Wellington)--Frederick, the soldier's friend (Frederick Augustus, duke of York and Albany)--The lighter side of the Crimean war, and its heroes.--Garibaldi.--Some warriors in the American war of independence.--Washington's John Moore (Baron von Steuben)--A mysterious general.--John Shipp.--The "compleat general" of the ancients.--Maxims: moral and immoral.--The warriors' library.--The librarian in undress.--"What they fought each other for."
526 ## - STUDY PROGRAM INFORMATION NOTE
Program name 0
Interest level 0
Reading level 0
Title point value 355_009242000000000_HUB
650 #0 - SUBJECT ADDED ENTRY--TOPICAL TERM
Topical term or geographic name entry element Generals.
9 (RLIN) 37930
650 #0 - SUBJECT ADDED ENTRY--TOPICAL TERM
Topical term or geographic name entry element MCE
9 (RLIN) 379
650 #0 - SUBJECT ADDED ENTRY--TOPICAL TERM
Topical term or geographic name entry element Military biography.
9 (RLIN) 48590
942 ## - ADDED ENTRY ELEMENTS (KOHA)
Source of classification or shelving scheme
Koha item type Book
Holdings
Withdrawn status Lost status Source of classification or shelving scheme Damaged status Not for loan Permanent Location Current Location Shelving location Date acquired Total Checkouts Full call number Barcode Date last seen Price effective from Koha item type
          Military College of Engineering (MCE) Military College of Engineering (MCE)   01/06/2015   355.009242 HUB MCE-ECW/49 01/06/2015 01/06/2015 Book
© 2023 Central Library, National University of Sciences and Technology. All Rights Reserved.